00709nam a2200145 a 450000100100000000500170001000800410002704000250006811000970009324501580019026000730034830000200042195201050044199900170054600003000620200930055956.0110428s198u dr 000 0 spa d aDO-SdBNPbspacBNPHU1 aRepública DominicanabPresidencia de la República DominicanabUnidad Coordinadora95672510aEspecificaciones generales para la construcción de edificios tipo h, viviendas duplex y unifamiliares :bProyecto inviviendas Santo Domingo y Santiago. aSanto Domingo :bPresidencia de la República Dominicana,c[19--?]. a30 p. ;c28 cm. 0010718PDaPDbPDcCTd2011-04-28iLF1l0o p30006-10r2020-06-25w2020-06-25yLFPDZNo se presta c29498d29498